[Event "Venetian Autumn Open"]
[Site "Venice ITA"]
[Date "2004.11.01"]
[Round "5"]
[White "Alberton,R"]
[Black "Cereda,L"]
[Result "0-1"]
[WhiteElo "2125"]
[BlackElo "2002"]

1.d4 Nf6 2.c4 e6 3.Nf3 d5 4.Nc3 c6 5.e3 Nbd7 6.Qc2 Bd6 7.Be2 dxc4 8.Bxc4 O-O
9.O-O e5 10.Rd1 Qc7 11.Bd3 exd4 12.exd4 h6 13.Bd2 Nb6 14.Ne4 Nxe4 15.Bxe4 Be6
16.Rac1 Bd5 17.Bxd5 Nxd5 18.Qf5 Rfe8 19.Re1 Bf4 20.Bxf4 Qxf4 21.Qd7 Re7 22.Rxe7 Qxc1+
23.Re1 Qxb2 24.h4 Rf8 25.Re8 Rxe8 26.Qxe8+ Kh7 27.Qxf7 Qc1+ 28.Kh2 Qf4+ 29.Qxf4 Nxf4
30.Kg3 Nd5 31.h5 Kg8 32.Ne5 Nc3 33.Kf4 Nxa2 34.Kf5 Nb4 35.Ke6 a5 36.Kd6 a4
37.Nc4 Nd5 38.Na5 a3 39.Nb3 Kf7 40.Kd7 Kf6 41.Ke8 Nf4 42.g4 Ne2 43.Kd7 a2  0-1

[Event "World Seniors"]
[Site "Halle GER"]
[Date "2004.11.03"]
[Round "9"]
[White "Spassov,L"]
[Black "Reichenbach,W"]
[Result "1-0"]
[WhiteElo "2377"]
[BlackElo "2322"]

1.d4 Nf6 2.c4 c6 3.Nc3 d5 4.e3 e6 5.Nf3 Nbd7 6.Qc2 a6 7.b3 Bd6 8.Bd3 e5 9.cxd5 cxd5
10.e4 dxe4 11.Nxe4 Nxe4 12.Bxe4 Bb4+ 13.Kf1 exd4 14.Bb2 Nf6 15.Bxd4 Qe7 16.Bd3 Be6
17.Rd1 h6 18.h4 Rc8 19.Qe2 Bg4 20.Be5 Bc3 21.Rc1 Bxe5 22.Rxc8+ Bxc8 23.Qxe5 Qxe5
24.Nxe5 O-O 25.g3 Re8 26.f4 Nd7 27.Nxd7 Bxd7 28.Kf2 a5 29.Rc1 Bc6 30.Rc5 Ra8
31.Bb5 Be4 32.Ke3 b6 33.Rc7 Bb1 34.a4 f6 35.Rb7 Kf8 36.Rxb6 Bg6 37.Kd4 Bf7
38.Bc4 Be8 39.Rb7 Bc6 40.Rf7+  1-0

[Event "8th OIBM"]
[Site "Bad Wiessee GER"]
[Date "2004.11.04"]
[Round "6"]
[White "Bromberger,S"]
[Black "Potkin,V"]
[Result "1/2-1/2"]
[WhiteElo "2440"]
[BlackElo "2540"]

1.d4 d5 2.c4 c6 3.Nc3 Nf6 4.Nf3 e6 5.e3 a6 6.c5 b6 7.cxb6 Nbd7 8.Bd3 c5 9.Na4 cxd4
10.Qb3 Rb8 11.Nxd4 Bb7 12.Bd2 e5 13.Nc2 Be7 14.Ba5 O-O 15.O-O Nc5 16.Nxc5 Bxc5  1/2-1/2

[Event "WYb18"]
[Site "Heraklio GRE"]
[Date "2004.11.04"]
[Round "1"]
[White "Glyzin,Y"]
[Black "Adly,A"]
[Result "0-1"]
[WhiteElo "2246"]
[BlackElo "2482"]

1.Nf3 d5 2.c4 e6 3.d4 Nf6 4.Nc3 c6 5.e3 Nbd7 6.Qc2 Bd6 7.b3 O-O 8.Bd3 dxc4
9.bxc4 e5 10.O-O Re8 11.Bb2 exd4 12.exd4 Nf8 13.Ne4 Nxe4 14.Bxe4 Ng6 15.Rad1 Bg4
16.c5 f5 17.Qb3+ Kh8 18.Bb1 Bc7 19.d5 Nh4 20.d6 Bxf3 21.Rd4 Ba5 22.Rxh4 Qxh4
23.Qxf3 Qc4 24.Rd1 Qb4  0-1

[Event "WYb18"]
[Site "Heraklio GRE"]
[Date "2004.11.04"]
[Round "1"]
[White "Mamasaliev,M"]
[Black "Kharitonov,Alexa"]
[Result "0-1"]
[WhiteElo "2238"]
[BlackElo "2464"]

1.d4 d5 2.Nf3 c6 3.c4 Nf6 4.Nc3 e6 5.e3 Nbd7 6.Be2 Bd6 7.Qc2 O-O 8.O-O dxc4
9.Rd1 Qc7 10.Bxc4 b5 11.Bd3 Bb7 12.Bd2 a6 13.a4 c5 14.axb5 Bxf3 15.gxf3 cxd4
16.exd4 axb5 17.Nxb5 Bxh2+ 18.Kg2 Qxc2 19.Bxc2 Rxa1 20.Rxa1 Bb8 21.Ra6 Nd5
22.Be4 N7f6 23.Rc6 h5 24.b4 Bf4 25.Be1 Rb8 26.Bd3 g6 27.Rc2 Bh6 28.Kg1 Ra8
29.Rb2 Ra1 30.Kf1 Bf8 31.Bb1 Nd7 32.Rb3 Ra4 33.Be4 N7b6 34.Bc2 Bxb4 35.Rb1 Ra5
36.Bxb4 Rxb5 37.Bd2 Rxb1+ 38.Bxb1 Nc4 39.Bc1 Nd6 40.Bb2 Nf5 41.Be4 Kf8 42.Ba3+ Ke8
43.Bc5 Kd7 44.Ke1 Kc6 45.Bc2 Kb5 46.Bd3+ Kc6 47.Bc2 Kd7 48.Ba4+ Kd8 49.Kf1 Nf6
50.Bb6+ Kc8 51.Bc5 Nd7 52.Ba7 Kc7 53.Ke2  0-1

[Event "TCh-SWE Elitserien 2004-5"]
[Site "Skara SWE"]
[Date "2004.11.05"]
[Round "1"]
[White "Lundvik,J"]
[Black "Mansson,L"]
[Result "1/2-1/2"]
[WhiteElo "2248"]
[BlackElo "2184"]

1.d4 d5 2.Nf3 Nf6 3.c4 c6 4.e3 e6 5.Nc3 Nbd7 6.Qc2 Be7 7.g4 Bb4 8.Rg1 b6
9.Bd2 Bb7 10.g5 Bxc3 11.Bxc3 Ne4 12.cxd5 exd5 13.Bd3 Nxc3 14.Qxc3 a5 15.O-O-O b5
16.h4 b4 17.Qc2 a4 18.h5 Qb6 19.Bf5 Nf8 20.e4 b3 21.axb3 axb3 22.Qc3 g6 23.Bh3 Ra4
24.exd5 cxd5 25.Nd2 Ra1+ 26.Nb1 Ne6 27.Qe3 Qc7+ 28.Qc3 Qf4+ 29.Qe3 Qc7+ 30.Qc3 Qf4+
31.Qe3 Qc7+  1/2-1/2

[Event "TCh-SWE Elitserien 2004-5"]
[Site "Skara SWE"]
[Date "2004.11.06"]
[Round "2"]
[White "Engqvist,T"]
[Black "Josefsson,K"]
[Result "1-0"]
[WhiteElo "2355"]
[BlackElo "2083"]

1.Nf3 d5 2.d4 Nf6 3.c4 c6 4.Nc3 e6 5.e3 Nbd7 6.Qc2 Bd6 7.Bd3 O-O 8.O-O dxc4
9.Bxc4 e5 10.Bb3 Qe7 11.Bd2 e4 12.Ng5 Bxh2+ 13.Kxh2 Ng4+ 14.Kg1 Qxg5 15.Qxe4 Qh4
16.Qf4 Ndf6 17.Qg3 Qg5 18.f3 Nh5 19.Qe1 Ngf6 20.Ne2 Bh3 21.Rf2 Bd7 22.e4 Qh4
23.Rf1 Qxe1 24.Raxe1 a5 25.e5 a4 26.Bc4 b5 27.Bd3 Nd5 28.g4 Nhf6 29.exf6 Nxf6
30.Nf4 Rfe8 31.g5 Nd5 32.Nxd5 cxd5 33.Kf2 g6 34.Bb4 Rab8 35.a3 Be6 36.Bd6 Rb6
37.Bc7 Rb7 38.Rc1 b4 39.Ba6 Ra7 40.Bb5 Rc8 41.Bd6 bxa3 42.Rxc8+ Bxc8 43.bxa3 h6
44.gxh6 Ba6 45.Bxa6 Rxa6 46.Bc5 g5 47.Rg1 Rg6 48.f4 g4 49.f5 Rg5 50.Ke3 Rxf5
51.Rxg4+ Kh7 52.Rf4 Rh5 53.Rxf7+ Kxh6 54.Ra7 Kg5 55.Rxa4 Rh3+ 56.Kd2 Kf5
57.Ra8 Rh2+ 58.Kc3 Rh3+ 59.Kb4 Ke4 60.a4 Rh1 61.Kb5 Kd3 62.a5 Rb1+ 63.Kc6 Kc4
64.a6  1-0

[Event "Extraliga CZE 2004-5"]
[Site "Czech Rep CZE"]
[Date "2004.11.07"]
[Round "2"]
[White "Jurek,J"]
[Black "Mozny,M"]
[Result "1/2-1/2"]
[WhiteElo "2367"]
[BlackElo "2376"]

1.d4 d5 2.Nf3 c6 3.c4 Nf6 4.Nc3 e6 5.e3 Be7 6.Bd3 Nbd7 7.O-O O-O 8.b3 b6
9.Bb2 Bb7 10.Qe2 Rc8 11.Rac1 Bd6 12.Rfd1 Qe7 13.e4 dxe4 14.Nxe4 Nxe4 15.Qxe4 Nf6
16.Qh4 h6 17.c5 bxc5 18.dxc5 Bc7 19.Ne5 Rfe8 20.Nc4 Nd5 21.Qxe7 Rxe7 22.Be5 Bxe5
23.Nxe5 a5 24.Nc4 Ra8 25.Be4 Rc7 26.g3 g5 27.Bf3 Kg7 28.Rd4 f5 29.Nb6 Rd8
30.Ra4 e5 31.Rxa5 e4 32.Be2 f4 33.Ra7 Kf6 34.Ba6 Bxa6 35.Nxd5+ cxd5 36.Rxc7 Be2
37.c6 d4 38.Rd7 Rxd7 39.cxd7 Ke7 40.Rc5 d3 41.Re5+ Kd8 42.Re8+ Kxd7 43.Rxe4 Kc6
44.Rd4 Kc5 45.Rd8 f3 46.a3 g4  1/2-1/2

[Event "V Open"]
[Site "Sauzal ESP"]
[Date "2004.11.07"]
[Round "6"]
[White "Zlotnik,B"]
[Black "Pinto Henriquez,R"]
[Result "1-0"]
[WhiteElo "2424"]
[BlackElo "2251"]

1.d4 d5 2.c4 c6 3.Nf3 Nf6 4.e3 e6 5.Nc3 Nbd7 6.Qc2 Bd6 7.Bd2 a6 8.a3 dxc4
9.Bxc4 b5 10.Bd3 Bb7 11.b4 a5 12.Rb1 Qe7 13.O-O O-O 14.Ng5 h6 15.Nge4 Bb8
16.bxa5 Qxa3 17.Nxb5 cxb5 18.Bb4 Qxd3 19.Nxf6+ Nxf6 20.Qxd3 Rc8 21.Rfc1 Bxh2+
22.Kxh2 Be4 23.Qf1 Bxb1 24.Rxc8+ Rxc8 25.Qxb1  1-0

[Event "V Open"]
[Site "Sauzal ESP"]
[Date "2004.11.07"]
[Round "9"]
[White "Moskalenko,V"]
[Black "Rodriguez Guerrero,E"]
[Result "1-0"]
[WhiteElo "2551"]
[BlackElo "2433"]

1.d4 d5 2.c4 c6 3.Nf3 Nf6 4.Nc3 e6 5.e3 Nbd7 6.Bd3 dxc4 7.Bxc4 b5 8.Bd3 a6
9.e4 c5 10.d5 Bb7 11.O-O Qc7 12.Re1 c4 13.Bc2 Bd6 14.Bg5 O-O-O 15.b3 b4 16.Na4 c3
17.a3 exd5  1-0

[Event "FSGM November"]
[Site "Budapest HUN"]
[Date "2004.11.08"]
[Round "3"]
[White "Seres,L"]
[Black "Bergez,L"]
[Result "1/2-1/2"]
[WhiteElo "2443"]
[BlackElo "2395"]

1.d4 Nf6 2.c4 e6 3.Nf3 d5 4.Nc3 c6 5.e3 Nbd7 6.Bd3 Bd6 7.e4 dxe4 8.Nxe4 Nxe4
9.Bxe4 Bb4+ 10.Bd2 Bxd2+ 11.Qxd2 O-O 12.O-O c5 13.Rad1 Qc7 14.Rfe1 Nf6 15.dxc5 Qxc5
16.Ne5 Nxe4 17.Rxe4 f6 18.Nd7  1/2-1/2

[Event "WYb14"]
[Site "Heraklio GRE"]
[Date "2004.11.10"]
[Round "7"]
[White "Utegaliev,A"]
[Black "Hayrapetian,O"]
[Result "1-0"]
[WhiteElo "2213"]
[BlackElo "2329"]

1.d4 d5 2.c4 e6 3.Nc3 Nf6 4.Nf3 c6 5.e3 Nbd7 6.Bd3 Bd6 7.e4 dxe4 8.Nxe4 Nxe4
9.Bxe4 O-O 10.O-O g6 11.b3 Qc7 12.Bb2 Re8 13.Qd2 e5 14.c5 Bf8 15.Nxe5 Nxe5
16.dxe5 Bxc5 17.Qc3 Bf8 18.f4 f5 19.Bf3 Be6 20.Rad1 Rad8 21.Rd6 Bg7 22.Rxd8 Rxd8
23.Ba3 Qb6+ 24.Bc5 Qa6 25.Qc2 Bf8 26.Bxf8 Kxf8 27.Rd1 Qb6+ 28.Qf2 Rxd1+ 29.Bxd1 Qb4
30.h3 a5 31.Qh4 Qe7 32.Qxe7+ Kxe7 33.Kf2 a4 34.Ke3 Bd5 35.g3 h5 36.Kd4 Kd7
37.bxa4 Bxa2 38.a5 Kc7 39.Kc5 Bd5 40.Be2 Bg2 41.h4 Be4 42.Bc4 Bc2 43.Bf7 Bd1  1-0

[Event "Open"]
[Site "Calcutta IND"]
[Date "2004.11.11"]
[Round "5"]
[White "Dao Thien Hai"]
[Black "Sandipan,C"]
[Result "1/2-1/2"]
[WhiteElo "2601"]
[BlackElo "2543"]

1.d4 d5 2.c4 e6 3.Nc3 c6 4.e3 Nf6 5.Nf3 Nbd7 6.Qc2 Bd6 7.Be2 O-O 8.O-O dxc4
9.Bxc4 b5 10.Be2 Bb7 11.a3 a6 12.e4 e5 13.Rd1 Qc7 14.dxe5 Nxe5 15.Nd4 Ned7
16.g3 Be5 17.Bf3 Rfe8 18.Bg2 c5 19.Nde2 c4 20.Be3 Nc5 21.f3 Rad8 22.Rxd8 Rxd8
23.Rd1 Rd3 24.Bf2 Qd6 25.Nc1 Rxd1+ 26.Nxd1 Bd4 27.b3 Bxf2+ 28.Nxf2 Ne6 29.bxc4 Qxa3
30.Nfd3 Qa4 31.Qxa4 bxa4 32.Kf2 Nd7 33.Bh3 Nb6 34.Bxe6 fxe6 35.Ne5 Nc8 36.Ke3 Kf8
37.Kd4 Ke7 38.Kc5 g5 39.Kb4 h5 40.h3 Na7 41.Kxa4 Nc6 42.Nxc6+ Bxc6+ 43.Ka5 g4
44.fxg4 hxg4 45.h4 Kd6 46.Kb6 Bxe4 47.c5+ Kd7 48.Nb3 e5 49.Na5 Bd5 50.c6+ Ke7
51.c7 Be6 52.Nc6+ Kf6 53.Kxa6 e4 54.Nd4 e3 55.Kb7 Ke5 56.Ne2 Ke4 57.Ng1 Kd3
58.c8=Q Bxc8+ 59.Kxc8 Kd2 60.h5 Ke1 61.h6 Kf2 62.h7 Kxg1 63.h8=Q e2 64.Qe5 Kf2
65.Qf4+ Kg2 66.Qe4+ Kf2 67.Qxg4 e1=Q 68.Qf4+ Kg2 69.g4 Qe8+ 70.Kc7 Qe7+  1/2-1/2

[Event "WYb16"]
[Site "Heraklio GRE"]
[Date "2004.11.11"]
[Round "9"]
[White "Grigoryan,Av"]
[Black "Ragger,M"]
[Result "0-1"]
[WhiteElo "2227"]
[BlackElo "2428"]

1.d4 Nf6 2.c4 e6 3.Nf3 d5 4.Nc3 c6 5.e3 Nbd7 6.Qc2 b6 7.cxd5 exd5 8.Bd3 Bb7
9.O-O Be7 10.b3 O-O 11.Ne5 c5 12.Bb2 h6 13.Rad1 cxd4 14.exd4 Rc8 15.Bf5 Ba6
16.Bd3 Bxd3 17.Qxd3 Bd6 18.Qf5 Nb8 19.Rc1 Rc7 20.Nb5 Rxc1 21.Rxc1 a6 22.Na7 b5
23.Nac6 Nxc6 24.Rxc6 a5 25.g3 Re8 26.Kg2 a4 27.Bc1 Bxe5 28.dxe5 Qa8 29.Rd6 d4+
30.Kh3 axb3 31.axb3 Ne4 32.Rd7 Rf8 33.Rxd4 Nxf2+ 34.Qxf2 Qc8+ 35.Kg2 Qxc1
36.Rf4 Qc3 37.b4 Qxe5 38.Qd4 Qe6 39.Rg4 g6 40.Re4 Qa2+ 41.Qf2 Qd5 42.Qf3 Kg7
43.Qc3+ Kh7 44.Qe5 Qd2+ 45.Kh3 Qd7+ 46.Kg2 Rc8 47.Re2 Rc4 48.Rb2 Qc6+ 49.Kh3 Qf3
50.Qe1 g5 51.Qb1+ Kg7  0-1

[Event "WYb12"]
[Site "Heraklio GRE"]
[Date "2004.11.11"]
[Round "9"]
[White "Shimanov,A"]
[Black "Antipotchkin,K"]
[Result "1-0"]
[WhiteElo "2234"]
[BlackElo "2095"]

1.d4 d5 2.c4 c6 3.Nf3 Nf6 4.Nc3 e6 5.e3 Nbd7 6.Qc2 Bd6 7.Bd3 O-O 8.O-O dxc4
9.Bxc4 b5 10.Bd3 Bb7 11.e4 e5 12.dxe5 Nxe5 13.Nxe5 Bxe5 14.h3 a6 15.a4 h6
16.Be3 Bd4 17.Bf4 Qe7 18.Ne2 Bb6 19.Ng3 Qe6 20.Rfe1 Nd7 21.e5 Nc5 22.Nf5 Nxd3
23.Qxd3 c5 24.Bxh6 Rfe8 25.Nd6 Qxh6 26.Nxb7 c4 27.Qd6 Re6 28.Qd5 Qf4 29.Nc5 Bxc5
30.Qxa8+ Kh7 31.Qe4+ Qxe4 32.Rxe4 g6 33.Kf1 Kg7 34.f4 Bf8 35.axb5 axb5 36.Ra7 Rc6
37.e6 b4 38.e7 Bxe7 39.Rexe7  1-0

[Event "Open"]
[Site "Calcutta IND"]
[Date "2004.11.12"]
[Round "6"]
[White "Islam,Kh"]
[Black "Reefat,S"]
[Result "1-0"]
[WhiteElo "2326"]
[BlackElo "2462"]

1.d4 d5 2.c4 c6 3.Nf3 Nf6 4.e3 e6 5.Nc3 Nbd7 6.Bd3 dxc4 7.Bxc4 b5 8.Bd3 Bd6
9.Ng5 h6 10.Nge4 Nxe4 11.Nxe4 Be7 12.O-O O-O 13.b3 Rb8 14.Bb2 f5 15.Ng3 c5
16.a4 c4 17.Be2 bxa4 18.Bxc4 Nb6 19.Be2 Bd7 20.Ba3 Bxa3 21.Rxa3 axb3 22.Qxb3 Nd5
23.Qc2 Qb6 24.Nh5 Rfe8 25.Qd2 Qb2 26.Qxb2 Rxb2 27.Rxa7 Rxe2 28.Rxd7 g5 29.Ng3  1-0

[Event "Open"]
[Site "Calcutta IND"]
[Date "2004.11.13"]
[Round "7"]
[White "Aleksandrov,A"]
[Black "Sandipan,C"]
[Result "1-0"]
[WhiteElo "2659"]
[BlackElo "2543"]

1.d4 d5 2.c4 e6 3.Nc3 c6 4.e3 Nf6 5.Nf3 Nbd7 6.Qc2 Bd6 7.g4 dxc4 8.Bxc4 e5
9.Bd2 exd4 10.Nxd4 Ne5 11.Be2 Nfxg4 12.Ne4 Be7 13.O-O-O O-O 14.f4 Ng6 15.Rhg1 Nf6
16.Ng3 Nxf4 17.Bc4 Nh3 18.Rg2 Bg4 19.Rf1 c5 20.Ndf5 Ng5 21.Bc3 Bh3 22.Nxg7 Bxg2
23.Qxg2 Kxg7 24.h4 h6 25.hxg5 hxg5 26.Nf5+ Kg6 27.Nxe7+ Qxe7 28.Bd3+  1-0

[Event "Bundesliga 2004-5"]
[Site "Preetzer GER"]
[Date "2004.11.13"]
[Round "1"]
[White "Ftacnik,L"]
[Black "Fridman,D2"]
[Result "1/2-1/2"]
[WhiteElo "2533"]
[BlackElo "2578"]

1.d4 d5 2.c4 c6 3.Nf3 Nf6 4.Nc3 e6 5.e3 Nbd7 6.Bd3 Bd6 7.e4 dxe4 8.Nxe4 Nxe4
9.Bxe4 Qa5+ 10.Bd2 Bb4 11.a3 Bxd2+ 12.Qxd2 Qxd2+ 13.Kxd2 Nf6 14.Bc2 Ke7 15.Ne5 Nd7
16.Rad1 Rd8 17.Kc3 c5 18.Nxd7 cxd4+ 19.Rxd4 Bxd7 20.Be4 Ba4 21.Bxb7 Rab8
22.Rxd8 Kxd8 23.b3 Bxb3 24.Bc6 Kc7 25.Be4 Ba4 26.Rb1 Rxb1  1/2-1/2

[Event "Bundesliga 2004-5"]
[Site "Koelln GER"]
[Date "2004.11.14"]
[Round "2"]
[White "Berezovsky,I"]
[Black "Krivoshey,S"]
[Result "1/2-1/2"]
[WhiteElo "2434"]
[BlackElo "2499"]

1.d4 d5 2.c4 c6 3.Nc3 Nf6 4.e3 e6 5.Nf3 a6 6.b3 Bb4 7.Bd2 O-O 8.c5 Nbd7 9.Na4 Bxd2+
10.Nxd2 e5 11.Be2 Re8 12.O-O exd4 13.exd4 Nf8 14.Re1 Ne6 15.Nf1 Nf4 16.Qd2 Qc7
17.f3 Bd7 18.Bd3 Nxd3 19.Qxd3 Rxe1 20.Rxe1 Re8 21.Rxe8+ Nxe8 22.Nb6 Be6 23.Qe3 Kf8
24.Ng3 Qe7 25.Qf4 Qf6 26.Qxf6 Nxf6 27.Kf2 g5 28.Ke3 Ke7 29.b4 h5 30.h3 h4
31.Ne2 Nh5 32.Na4 Bf5 33.Nac3 Ng7 34.a4  1/2-1/2

[Event "Bundesliga 2004-5"]
[Site "Koelln GER"]
[Date "2004.11.14"]
[Round "2"]
[White "Sokolov,I"]
[Black "Ribli,Z"]
[Result "1/2-1/2"]
[WhiteElo "2663"]
[BlackElo "2603"]

1.d4 d5 2.c4 c6 3.Nc3 Nf6 4.e3 e6 5.Nf3 Nbd7 6.Bd3 dxc4 7.Bxc4 b5 8.Bd3 Bb7
9.O-O b4 10.Na4 c5 11.dxc5 Bxc5 12.Nxc5 Nxc5 13.Bb5+ Ke7 14.Qe2 Qb6 15.Nd4 Rhd8
16.a3 b3 17.Bd2 a5 18.Rfc1 e5 19.Nf5+ Kf8 20.Bc3 Nce4 21.Be1 g6 22.Ng3 Kg8
23.a4 Nd6 24.Bc3 Nxb5 25.Qxb5 Qxb5 26.axb5 Rd5 27.Rxa5 Rxa5 28.Bxa5 Rxb5
29.Bc3 Nd7 30.e4 Kf8 31.f3 Ke7 32.Bd2 Ke6 33.Ne2 f5 34.Nc3 Rb6 35.Be3 Rd6
36.exf5+ gxf5 37.Re1  1/2-1/2

[Event "3rd Cup Russia Wom Final"]
[Site "Voronezh RUS"]
[Date "2004.11.15"]
[Round "3"]
[White "Ubiennykh,E"]
[Black "Shaidullina,S"]
[Result "0-1"]
[WhiteElo "2324"]
[BlackElo "2308"]

1.d4 d5 2.c4 c6 3.Nf3 Nf6 4.Nc3 e6 5.e3 Nbd7 6.Qc2 b6 7.Bd3 Bb7 8.O-O Be7
9.b3 Rc8 10.Bb2 O-O 11.Rfd1 Qc7 12.Qe2 Rfe8 13.Rac1 Qb8 14.Ne5 Nxe5 15.dxe5 Nd7
16.f4 f6 17.Qg4 f5 18.Qh3 Nc5 19.Bb1 g6 20.g4 Rcd8 21.cxd5 cxd5 22.Nb5 Bf8
23.Nd4 Rd7 24.Rd2 Rg7 25.Rg2 fxg4 26.Rxg4 Ba6 27.Rd1 Qc8 28.Qg2 Ree7 29.h4 Qe8
30.Kh2 Rc7 31.Qh3 Ne4 32.Rg2 Bc8 33.Bd3 a6 34.Nf3 Nc5 35.Bb1 a5 36.Bd4 Rce7
37.Ng5 Ba6 38.Kg1 h6 39.Bxc5 bxc5 40.Nf3 Bb7 41.Kh2 d4 42.exd4 Qa8 43.Rf2 Be4
44.dxc5 Bxb1 45.Rxb1 Qe4 46.Nd2 Qd4 47.Qf3 Qxc5 48.Ne4 Qc7 49.Nf6+ Kf7 50.Rd1 Qb7
51.Qd3 Qb4 52.Qd8 Qc5 53.Rd4 g5 54.fxg5 Qxe5+ 55.Rdf4 hxg5 56.Nd7+ Qxf4+
57.Rxf4+ gxf4 58.Qxf8+ Kg6 59.Ne5+ Kh7 60.Qxf4 Rc7 61.Qe4+ Kg8 62.h5 Rg5
63.Ng4 Rxh5+ 64.Kg3 Rc3+ 65.Kg2 Rhc5 66.Qxe6+ Kf8 67.Ne5 Rc7 68.Kf2 Kg7 69.Ke2 Rg3
70.Kd2 Rg2+ 71.Kd3 Rcc2 72.Qf7+ Kh6 73.Qf4+ Kg7 74.Nc4 Rxa2 75.Nxa5 Raf2
76.Qe5+ Kg6 77.Nc4 Rf3+ 78.Ne3 Rgg3 79.b4 Kf7 80.Kc4 Rxe3 81.Qd5+ Ke7 82.Kb5 Rd3
83.Qe5+ Kd7 84.Kb6 Rg6+ 85.Kb7 Rdd6 86.b5 Kd8 87.Qh8+ Ke7 88.Kc7 Rd7+ 89.Kc8 Rgd6
90.Qh4+ Ke8 91.Qe4+ Re7 92.Qxe7+ Kxe7 93.Kc7 Rd7+ 94.Kc8 Kd6  0-1

[Event "Acropolis IM Open"]
[Site "Athens GRE"]
[Date "2004.11.17"]
[Round "2"]
[White "Atalik,S"]
[Black "Draci,R"]
[Result "1-0"]
[WhiteElo "2541"]
[BlackElo "2229"]

1.d4 d5 2.c4 c6 3.Nc3 Nf6 4.e3 e6 5.Nf3 Bd6 6.Bd3 Nbd7 7.e4 dxe4 8.Nxe4 Nxe4
9.Bxe4 Nf6 10.Bc2 Bb4+ 11.Bd2 Qa5 12.a3 Bxd2+ 13.Qxd2 Qxd2+ 14.Kxd2 O-O 15.Ne5 Rd8
16.Ke3 Bd7 17.g4 Be8 18.g5 Nd7 19.f4 f6 20.gxf6 gxf6 21.Rhg1+ Kh8 22.Ng4 Bg6
23.Bxg6 hxg6 24.Rae1 Kg7 25.Kd3 Nf8 26.Kc3 Rd7 27.Ne3 Rad8 28.Rd1 Kf7 29.Rgf1 b6
30.b4 Nh7 31.c5 b5 32.Ng4 Rd5 33.Rd3 a6 34.Rh3 Nf8 35.Rd1 Ra8 36.a4 a5 37.axb5 cxb5
38.bxa5 Rxa5 39.Kb4 Ra2 40.Ra3 Rxa3 41.Kxa3 Nd7 42.Ne3 Rh5 43.Kb4 Rxh2 44.Ra1 Rb2+
45.Kc3 Re2 46.Kd3 Rf2 47.Ra7 Ke8 48.Rb7 f5 49.c6 Nf6 50.Rb8+ Ke7 51.c7 Ne4
52.Nxf5+  1-0

[Event "Open"]
[Site "Calcutta IND"]
[Date "2004.11.17"]
[Round "11"]
[White "Chatterjee,D"]
[Black "Ahmed,Mah"]
[Result "1-0"]
[WhiteElo "2239"]
[BlackElo "2155"]

1.d4 Nf6 2.c4 e6 3.Nc3 d5 4.Nf3 c6 5.e3 Nbd7 6.Bd3 Be7 7.e4 dxe4 8.Nxe4 Nxe4
9.Bxe4 Qa5+ 10.Bd2 Bb4 11.a3 Bxd2+ 12.Qxd2 Qh5 13.O-O O-O 14.Rfe1 f6 15.h3 c5
16.Bc2 Nb6 17.Re4 Nxc4 18.Qc3 Nd6 19.Rh4 Qe8 20.Bxh7+ Kf7 21.Qd3 Nf5 22.Bxf5 exf5
23.Re1 Qc6 24.d5 Qd6 25.Nd2 b5 26.Qf3 Bd7 27.Rh7 Rg8 28.Qh5+ Kf8 29.Nf3 Qxd5
30.Nh4 Be8 31.Rxe8+ Rxe8 32.Ng6+ Kf7 33.Nf4+  1-0

[Event "Acropolis IM Open"]
[Site "Athens GRE"]
[Date "2004.11.19"]
[Round "4"]
[White "Moutousis,K"]
[Black "Poteas,I"]
[Result "1-0"]
[WhiteElo "2422"]
[BlackElo "2187"]

1.d4 d5 2.c4 e6 3.Nc3 c6 4.e3 Nf6 5.Nf3 Nbd7 6.Bd3 Bd6 7.e4 dxe4 8.Nxe4 Nxe4
9.Bxe4 h6 10.O-O O-O 11.Bc2 e5 12.Qd3 f5 13.c5 Bc7 14.Qb3+ Kh8 15.dxe5 Nxe5
16.Bf4 Be6 17.Qc3 Nxf3+ 18.Qxf3 Bxf4 19.Qxf4 Qf6 20.Qb4 Bd5 21.Bb3 Bxb3 22.Qxb3 Rf7
23.Rad1 Re7 24.Rd6 Qe5 25.Qc2 Rae8 26.h3 Qe4 27.Qc3 Qe5 28.Rd4 Qf6 29.g3 Re2
30.a3 Rd8 31.Rfd1 Rxd4 32.Rxd4 Re1+ 33.Kg2 Qe6 34.Qf3 Rc1 35.b4 Qe5 36.Qd3 Re1
37.g4 Re4 38.Rd8+ Kh7 39.Rf8 Rd4 40.Qxf5+ Qxf5 41.gxf5 a5 42.bxa5 Ra4 43.Rf7 Kg8
44.Rxb7 Rxa5 45.f6 gxf6 46.a4 Rxc5 47.Ra7 Rc3 48.f3 Ra3 49.Kg3 c5 50.Kg4 c4
51.f4 c3 52.Kf5 c2 53.Rc7 Rxa4 54.Rxc2 h5 55.Kg6 Kf8 56.f5 Ra3 57.h4 Rg3+
58.Kxf6 Kg8 59.Rc8+ Kh7 60.Ke7 Rf3 61.f6 Rg3 62.f7 Re3+ 63.Kd6  1-0

[Event "Acropolis GM"]
[Site "Athens GRE"]
[Date "2004.11.19"]
[Round "4"]
[White "Foisor,O"]
[Black "Mastrovasilis,D"]
[Result "1/2-1/2"]
[WhiteElo "2376"]
[BlackElo "2574"]

1.d4 d5 2.c4 e6 3.Nc3 c6 4.e3 Nf6 5.Nf3 Nbd7 6.Qc2 Bd6 7.Be2 O-O 8.O-O dxc4
9.Bxc4 b5 10.Be2 Bb7 11.Rd1 Qb8 12.Ne4 Nxe4 13.Qxe4 e5 14.Qf5 Bc8 15.Qc2 Bb7
16.Qf5 Bc8 17.Qc2  1/2-1/2

[Event "XLIII WJun"]
[Site "Kochin IND"]
[Date "2004.11.20"]
[Round "1"]
[White "Tikkanen,H"]
[Black "Cereijo,N"]
[Result "1-0"]
[WhiteElo "2338"]
[BlackElo "2120"]

1.d4 d5 2.c4 c6 3.Nc3 Nf6 4.e3 e6 5.Nf3 Nbd7 6.Qc2 Bd6 7.g4 Bb4 8.Bd2 Qe7
9.Rg1 b6 10.cxd5 cxd5 11.Qa4 O-O 12.g5 Ne8 13.a3 Bxc3 14.Bxc3 Nd6 15.Bb4 a5
16.Qc6 axb4 17.Qxa8 b5 18.Qa5  1-0

[Event "TCh-ISL 2004-5"]
[Site "Reykjavik ISL"]
[Date "2004.11.20"]
[Round "2"]
[White "Thorsteinsdottir,G"]
[Black "Sigfusson,S"]
[Result "0-1"]
[WhiteElo "2130"]
[BlackElo "2288"]

1.d4 d5 2.c4 c6 3.Nf3 Nf6 4.Nc3 e6 5.e3 Nbd7 6.Bd3 dxc4 7.Bxc4 b5 8.Bd3 Bb7
9.O-O a6 10.b3 c5 11.Qe2 Qb6 12.Bb2 Be7 13.Rac1 O-O 14.Bb1 cxd4 15.Nxd4 Rac8
16.Rfd1 Nc5 17.b4 Ncd7 18.Nf3 Bxb4 19.Rxd7 Nxd7 20.Qd3 Nf6 21.Ng5 Rfd8 22.Qc2 Bxc3
23.Bxc3 b4 24.Nxh7 Rxc3 25.Nxf6+ gxf6  0-1

[Event "TCh-ISL 2004-5"]
[Site "Reykjavik ISL"]
[Date "2004.11.20"]
[Round "2"]
[White "Leosson,T"]
[Black "Thorsteinsson,A"]
[Result "0-1"]
[WhiteElo "2173"]
[BlackElo "2279"]

1.d4 d5 2.c4 e6 3.Nc3 c6 4.Nf3 Nf6 5.e3 Nbd7 6.Bd3 dxc4 7.Bxc4 b5 8.Bd3 a6
9.O-O c5 10.dxc5 Bxc5 11.Qe2 Bb7 12.h3 Bxf3 13.gxf3 O-O 14.b3 Ne5 15.Bc2 Qe7
16.Ne4 Nd5 17.Bb2 Ng6 18.Nxc5 Qxc5 19.Be4 Ndf4 20.exf4 Nxf4 21.Bxh7+ Kxh7
22.Qe4+ Ng6 23.Rac1 Qe7 24.Qg4 Rad8 25.Rfd1 Rxd1+ 26.Rxd1 Rd8 27.Rxd8 Qxd8
28.Bd4 Qc7 29.h4 e5 30.Be3 Qc2 31.h5 Nf8 32.Qe4+ Qxe4 33.fxe4 Nd7 34.Bd2 Nf6
35.Bc3 Nxe4 36.Bxe5 Kh6 37.Kf1 f6 38.Bd4 Kxh5 39.Ke2 Kg6 40.Kd3 Kf5 41.Be3 Ke5
42.a4 bxa4 43.bxa4 Kd5 44.a5 Nd6 45.Bd4 Kc6 46.Bc3 Kc5 47.Ke3 Kc4 48.Bd2 g6
49.Be1 g5 50.Bd2 f5 51.Be1 Ne4 52.Ke2 Nc3+ 53.Ke3 Nd5+ 54.Ke2 Kd4 55.Bd2 g4
56.Bg5 f4 57.Bh4 Ke4 58.Bd8 Nb4 59.Bb6 Nc6 60.Bc7 Nd4+ 61.Ke1 Kf3 62.Bb6 Nc6
63.Kf1 Ne7 64.Bc7 Nd5 65.Bb6 Nf6 66.Bc7 Ne4 67.Bb6 Ng5 68.Bc7 Nh3 69.Bb6 g3
70.fxg3 fxg3  0-1

[Event "TCh-ISL 2004-5"]
[Site "Reykjavik ISL"]
[Date "2004.11.20"]
[Round "3"]
[White "Thorfinnsson,Bj"]
[Black "Bergsson,St"]
[Result "1-0"]
[WhiteElo "2338"]
[BlackElo "2163"]

1.d4 d5 2.c4 e6 3.Nc3 Nf6 4.Nf3 c6 5.e3 Bd6 6.Qc2 Nbd7 7.g4 Nxg4 8.Rg1 f5
9.h3 Ngf6 10.Rxg7 Ne4 11.Bd2 Kf8 12.Rg2 Rg8 13.cxd5 exd5 14.O-O-O Rxg2 15.Bxg2 Qe7
16.Ng1 Ndf6 17.f3 Nxd2 18.Qxd2 Bb4 19.Nge2 Bd7 20.Rg1 Kg8 21.Nf4 Kh8 22.Nd3 Bd6
23.Qf2 b5 24.f4 Rg8 25.Ne5 a5 26.Ne2 c5 27.Nc3 cxd4 28.exd4 Ne4 29.Bxe4 Rxg1+
30.Qxg1 Bxe5 31.fxe5 dxe4 32.Qg3 Be6 33.d5 b4 34.d6 Qd7 35.Ne2 Qb5 36.Kd2 Qd5+
37.Ke1 Qxa2 38.Qg5 a4 39.Qf6+ Kg8 40.d7 Qb1+ 41.Kf2 Bxd7 42.Qd8+ Kf7 43.Qxd7+ Kg6
44.Qe6+ Kg7 45.Qf6+ Kg8 46.e6 e3+ 47.Kg2 Qe4+ 48.Kh2 h5 49.e7  1-0

[Event "Lushki B"]
[Site "Serpukhov RUS"]
[Date "2004.11.20"]
[Round "2"]
[White "Papenin,N"]
[Black "Kleiman,B"]
[Result "1-0"]
[WhiteElo "2391"]
[BlackElo "2316"]

1.d4 d5 2.c4 c6 3.Nf3 Nf6 4.Nc3 e6 5.e3 Nbd7 6.Qc2 Bd6 7.Bd3 dxc4 8.Bxc4 b5
9.Bd3 Bb7 10.e4 e5 11.Bg5 Qb6 12.O-O-O a6 13.dxe5 Bxe5 14.Nxe5 Nxe5 15.Be3 Qc7
16.Be2 O-O 17.h3 Ng6 18.h4 Rfe8 19.h5 Nf4 20.Bf3 Rac8 21.h6 g6 22.Qd2 Ne6
23.Qd6 Qxd6 24.Rxd6 Red8 25.Rhd1 Rxd6 26.Rxd6 Kf8 27.Kc2 Ke7 28.Rd1 g5 29.e5 Nd7
30.Bg4 Nxe5 31.Bxe6 Kxe6 32.Ne4 c5 33.Nxg5+ Ke7 34.f3 f6 35.Nh3 c4 36.Nf4 Nd7
37.Bd2 Kf7 38.Bb4 Ne5 39.Bc3 Re8 40.Rd6 Bc8 41.Nh5 Bf5+ 42.Kd2 Re6 43.Rd8 Bd3
44.Nf4 Rc6 45.Bb4 Ng6 46.Nxd3 cxd3 47.Rd7+ Ke6 48.Rxh7 Rc2+ 49.Kxd3 Rxg2
50.Bc3 Rh2 51.Ra7 Rxh6 52.Rxa6+ Kd5 53.Rb6 Nf4+ 54.Ke3 Ng2+ 55.Kf2 Kc5 56.Rxf6  1-0

[Event "Stek Cup"]
[Site "Tula RUS"]
[Date "2004.11.20"]
[Round "5"]
[White "Khanov,V"]
[Black "Zhavoronkov,E"]
[Result "1-0"]
[WhiteElo "2216"]
[BlackElo "2279"]

1.d4 d5 2.c4 c6 3.Nc3 e6 4.e3 Nf6 5.Nf3 Bd6 6.Bd2 O-O 7.Qc2 Nbd7 8.cxd5 exd5
9.Bd3 Re8 10.O-O Nf8 11.h3 Be6 12.Ne5 N6d7 13.Nxd7 Bxd7 14.e4 dxe4 15.Nxe4 Bc7
16.Nc5 Bc8 17.Bc3 Bxh3 18.gxh3 Qg5+ 19.Kh1 Qh4 20.Kg2 Qg5+ 21.Kh1 Qh4 22.Kg2 b6
23.Nb3 Ne6 24.Bd2 Bf4 25.Rh1 Bxd2 26.Qxd2 Nf4+ 27.Kf1 Re6 28.Re1 Rae8 29.Rxe6 Rxe6
30.Nc1 g6 31.Ne2 Nxh3 32.Ng1 Qf4 33.Qxf4 Nxf4 34.Bc2 Rd6 35.Nf3 f6 36.Rh4 Nh5
37.Re4  1-0